[Event "84th Tata Steel Challengers 2022"]
[Site "Wijk aan Zee"]
[Date "2022.01.18"]
[Round "4.2"]
[White "Vogel, Roven"]
[Black "Erigaisi Arjun"]
[Result "0-1"]
[WhiteElo "2452"]
[BlackElo "2629"]
[Annotator "TA"]
[PlyCount "60"]
[EventDate "2022.01.15"]
[EventType "tourn"]
[EventCountry "NED"]
[SourceTitle "playchess.com"]
[Source "ChessBase"]
[SourceQuality "1"]

{[%evp 15,60,32,41,32,46,41,44,47,50,55,46,46,70,31,29,0,0,-8,10,0,72,0,0,0,0,0,0,-35,-52,-269,-257,-323,-306,-503,-496,-454,-458,-601,-587,-573,-562,-809,-695,-787,-779,-772,-763]} 1. c4 Nf6 2. Nf3 g6 3. Nc3 Bg7 4. e4 d6 5. d4 O-O 6. Be2 e5 7. O-O Bg4 8. d5 a5 9. Ne1 {E94: King's Indian: Classical: 6 Be2 e5 7 0-0: Various Black 7th moves.} Bd7 10. Nd3 Na6 11. Bg5 {White is slightly better.} h6 12. Be3 b6 {[#]} 13. Qd2 $146 ({Predecessor:} 13. a3 Nc5 14. f3 Ne8 15. b4 axb4 16. axb4 Rxa1 17. Qxa1 Nb3 18. Qb2 Nd4 19. c5 f5 20. Rd1 {1-0 (42) Antonova,N (2011)-Faqeeh,A (1599) Al Ain 2015}) 13... Kh7 14. f4 exf4 15. Rxf4 Qe7 $1 {Prevents e5.} 16. Raf1 {[%cal Oe4e5]} g5 17. R4f2 {[%cal Oe4e5] Strongly threatening e5!} Rae8 (17... Ng4 $1 $11 {keeps the balance.}) 18. Bf3 (18. e5 $1 $16 dxe5 19. d6) 18... Ng4 $11 19. Bxg4 Bxg4 {[%cal Bd7g4,Bg4h5,Bh5g6][%mdl 32]} 20. h3 Bh5 {[%cal Of7f5]} 21. e5 Bg6 {Prevents Ne4.} 22. Rf5 {[#] Loses the game.} Nb4 $1 $19 ({Not} 22... dxe5 23. Ne4 $17) (22... Bxf5 23. Rxf5 dxe5 24. Ne4 $17) 23. Nxb4 axb4 24. Ne4 (24. Nb5 {was necessary.} Bxf5 25. Rxf5) 24... Bxf5 {Black is clearly winning.} 25. Rxf5 Bxe5 26. Qc2 {[%cal Oe4d6]} Kg8 27. Nf2 Bg7 28. Ng4 Qe4 29. Qf2 h5 {[%cal Bh6h5,Bh5g4][%mdl 32]} 30. Rxg5 hxg4 {Weighted Error Value: White=0.63/Black=0.12 (very precise)} 0-1

[Event "84th Tata Steel Challengers 2022"]
[Site "Wijk aan Zee"]
[Date "2022.01.18"]
[Round "4.3"]
[White "Nguyen, Thai Dai Van"]
[Black "Shuvalova, Polina"]
[Result "1/2-1/2"]
[WhiteElo "2609"]
[BlackElo "2516"]
[Annotator "TA"]
[PlyCount "31"]
[EventDate "2022.01.15"]
[EventType "tourn"]
[EventCountry "NED"]
[SourceTitle "playchess.com"]
[Source "ChessBase"]
[SourceQuality "1"]

{[%evp 11,31,0,15,16,22,0,0,0,0,0,0,0,0,0,0,0,0,0,0,0,0,0]} 1. Nf3 d5 2. g3 g6 3. Bg2 Bg7 4. d4 Nf6 5. O-O O-O 6. c3 {[%cal Bc2c3,Bc3c4][%mdl 32]} c6 {The position is equal.} 7. a4 {D02: 1 d4 d5 2 Nf3 sidelines, including 2...Nf6 3 g3 and 2...Nf6 3 Bf4.} a5 8. Bf4 {[#]} Qb6 $146 ({Predecessor:} 8... h6 9. Nbd2 Nbd7 10. Ne5 g5 11. Nxd7 Nxd7 12. Be3 f5 13. f4 g4 14. Nb3 Nf6 {1-0 (53) Banusz,T (2591)-Kantor,G (2575) Budapest 2021}) 9. Nbd2 Qxb2 10. Rb1 Qa3 (10... Qxc3 $2 11. Rb3 Ne4 12. e3 $18) 11. c4 Na6 12. Ra1 Qb2 13. Rb1 Qa3 14. Ra1 Qb2 15. Rb1 Qa3 16. Ra1 {Not much happened in this game.  Weighted Error Value: White=0.02 (flawless) /Black=0.01 (flawless)} 1/2-1/2

[Event "84th Tata Steel Challengers 2022"]
[Site "Wijk aan Zee"]
[Date "2022.01.18"]
[Round "4.4"]
[White "Warmerdam, Max"]
[Black "Jumabayev, Rinat"]
[Result "1/2-1/2"]
[WhiteElo "2599"]
[BlackElo "2631"]
[Annotator "TA"]
[PlyCount "83"]
[EventDate "2022.01.15"]
[EventType "tourn"]
[EventCountry "NED"]
[SourceTitle "playchess.com"]
[Source "ChessBase"]
[SourceQuality "1"]

{[%evp 11,83,15,23,10,52,40,61,59,66,49,54,54,52,42,57,45,56,41,63,64,95,98,86,93,81,88,97,96,121,102,109,108,94,93,95,93,101,96,113,78,88,0,123,112,129,104,173,178,179,59,60,52,67,52,52,37,52,52,104,104,104,104,141,0,0,0,0,0,0,0,0,0,0,0]} 1. c4 c6 2. e4 d5 3. exd5 cxd5 4. d4 Nf6 5. Nc3 Nc6 6. Nf3 Be6 7. c5 {B13: Caro-Kann: Exchange Variation and Panov-Botvinnik Attack.} Bg4 (7... g6 $11) 8. Be3 {[#]} Bxf3 $146 ({Predecessor:} 8... Qd7 9. Bd3 g6 10. O-O Bg7 11. h3 Bxf3 12. Qxf3 O-O 13. Rab1 Rad8 14. Rfd1 Ne8 {0-1 (81) Matonoha,C (2049)-Duczynski,M (2150) Czech Republic 2013}) 9. Qxf3 {White is slightly better.} ({Reject} 9. gxf3 e6 $11) 9... g6 10. Bb5 Bg7 11. O-O O-O 12. Rfd1 Qd7 13. Rab1 Rfd8 14. h3 a6 15. Ba4 Qf5 16. Qxf5 gxf5 17. b4 e6 18. Ne2 Nd7 19. a3 Rac8 20. Rbc1 Nf8 21. Nf4 Ng6 22. Nh5 Bh8 23. g3 Rc7 24. Kg2 Rdc8 25. Nf4 Bf6 26. Nh5 (26. Ne2 $16) 26... Be7 (26... Bh8 $1 $11 {keeps the balance.}) 27. h4 Na7 28. Nf4 {White is more active.} Bf6 {[#]} (28... Nc6 $16) 29. Nxg6 $1 $18 fxg6 30. Rd3 (30. Bf4 $18) 30... Nc6 $14 31. Bf4 Rg7 32. Re1 Kf7 ({Weaker is} 32... Nxd4 33. Be5 Bxe5 34. Rxe5 $16) 33. Bg5 Rgg8 34. Be3 g5 {[#]} (34... Rh8 $14) 35. hxg5 $1 $16 Bxg5 36. Rh1 Bxe3 37. Rxe3 ({White should try} 37. Bxc6 $16 bxc6 38. Rxe3) 37... Nxd4 $11 {The position is equal.} 38. Rxh7+ Rg7 39. Rh4 Rg4 40. Rh7+ Rg7 41. Rh4 Rg4 42. Rh7+ {Weighted Error Value: White=0.16 (very precise) /Black=0.21 (precise)} 1/2-1/2

[Event "84th Tata Steel Challengers 2022"]
[Site "Wijk aan Zee"]
[Date "2022.01.18"]
[Round "4.5"]
[White "Van Foreest, Lucas"]
[Black "Bjerre, Jonas Buhl"]
[Result "1/2-1/2"]
[WhiteElo "2530"]
[BlackElo "2586"]
[Annotator "TA"]
[PlyCount "53"]
[EventDate "2022.01.15"]
[EventType "tourn"]
[EventCountry "NED"]
[SourceTitle "playchess.com"]
[Source "ChessBase"]
[SourceQuality "1"]

{[%evp 18,53,0,3,0,0,1,10,16,2,9,4,11,17,18,16,72,2,0,0,0,0,0,0,-8,0,0,0,0,0,0,0,0,0,0,0,0,0]} 1. d4 Nf6 2. c4 e6 3. Nf3 d5 4. g3 dxc4 5. Bg2 a6 6. O-O Nc6 {[%cal Bb8c6,Bc6b4,Bb4d3][%mdl 32]} 7. Nc3 Rb8 8. e4 Be7 9. d5 exd5 10. exd5 Nb4 {[%cal Rb4d5] E04: Open Catalan: 5 Nf3.} 11. Ne5 Bf5 12. Nxc4 O-O 13. a3 Nd3 14. Be3 Re8 15. b4 Ng4 16. Ne4 {[#]} b5 $146 ({Predecessor:} 16... Nde5 17. Nxe5 Nxe5 18. Bf4 {½-½ (18) Miton,K (2545)-Jakubowski,K (2483) Warsaw 2003}) 17. Na5 (17. Qxd3 $16 {Na5 is the strong threat.} bxc4 18. Qxc4) 17... Nxe3 $11 {The position is equal.} 18. fxe3 Bxe4 (18... Qxd5 $2 19. Nf6+ $1 {[%mdl 512]} Bxf6 20. Bxd5 $18) 19. Bxe4 Ne5 20. Nc6 Nxc6 21. Bxh7+ $1 {[%mdl 64] Decoy} Kxh7 (21... Kh8 22. Bb1 (22. Qh5 Bg5 $16) 22... Bf6 23. Qh5+ Kg8 {[#]} 24. dxc6 $1 $14 (24. Ra2 $2 Ne5 $19) (24. Bh7+ Kf8 $11)) 22. Qh5+ Kg8 23. Qxf7+ Kh8 {Strongly threatening ...Ne5.} 24. Qh5+ Kg8 {[%cal Oe7f6]} 25. Qf7+ ({But not} 25. dxc6 $2 Bf6 26. Rad1 Qe7 $19) 25... Kh8 {[%cal Oe7g5] Hoping for ...Bg5!} 26. Qh5+ Kg8 {[%cal Oe7f6] Threatens to win with ...Bf6!} 27. Qf7+ {Weighted Error Value: White=0.07 (flawless) /Black=0.10 (very precise)} ({Not} 27. dxc6 $2 Bf6 28. Rad1 Qe7 $19) 1/2-1/2

[Event "84th Tata Steel Challengers 2022"]
[Site "Wijk aan Zee"]
[Date "2022.01.18"]
[Round "4.6"]
[White "Dardha, Daniel"]
[Black "Ganguly, Surya Shekhar"]
[Result "1/2-1/2"]
[WhiteElo "2533"]
[BlackElo "2627"]
[Annotator "TA"]
[PlyCount "114"]
[EventDate "2022.01.15"]
[EventType "tourn"]
[EventCountry "NED"]
[SourceTitle "playchess.com"]
[Source "ChessBase"]
[SourceQuality "1"]

{[%evp 13,113,0,0,0,0,0,0,0,0,0,0,0,0,11,0,0,0,0,0,0,0,0,0,0,12,9,10,4,5,14,11,20,14,18,22,0,0,0,0,0,0,0,4,0,0,0,0,0,0,0,0,0,0,0,0,0,0,0,0,0,0,0,0,0,0,0,0,0,0,0,0,0,0,0,0,0,0,0,0,0,0,0,0,0,0,0,0,0,0,0,0,0,0,0,0,0,0,0,0,0,0,0]} 1. d4 Nf6 2. c4 e6 3. Nc3 Bb4 4. Qc2 O-O 5. e4 {[%cal Be2e4,Be4e5][%mdl 32]} d5 6. e5 Ne4 7. Bd3 c5 $1 {The position is equal.} 8. Nf3 {aiming for 0-0. E32: Nimzo-Indian: Classical (4 Qc2): 4...0-0.} cxd4 9. Nxd4 Nd7 10. Bf4 Qh4 11. g3 Qh5 12. O-O g5 13. cxd5 Bxc3 14. bxc3 {[%cal Od5e6]} exd5 15. Be3 $1 {[%mdl 4] Black must now prevent f3. is recently more successful than 15.Bxe4.} Nxe5 16. f3 {Prevents Bg4.} (16. Bxe4 dxe4 17. Qxe4 Re8 $11) 16... Nc5 17. Bf5 Ne6 18. Rae1 Nxd4 19. Bxd4 Nc6 20. Be3 {This bishop pair is nice.} Re8 21. g4 Bxf5 22. Qxf5 Qg6 {And now ...Qxf5 would win.} 23. Qxg5 {[#]} Re5 $146 ({Predecessor:} 23... Rad8 24. Qf4 Qd3 25. Bd4 Nxd4 26. cxd4 Qg6 27. h4 Kg7 28. Re5 Rxe5 29. Qxe5+ Qf6 {½-½ (56) Perez Ponsa,F (2559)-Della Morte,G (2369) Buenos Aires 2020}) 24. Qxg6+ (24. Qf4 {feels hotter.} Rae8 25. Bf2 Re2 26. a4 Kg7 27. Rxe2 Rxe2 28. Re1) 24... fxg6 25. Bf4 Rxe1 26. Rxe1 $11 {[%mdl 4096] Endgame KRB-KRN} Kf7 27. Kf2 (27. Rb1 $5 {[%cal Rb1b7]}) 27... Re8 28. Rb1 b6 29. Rd1 Ne7 30. Bg5 Rc8 31. Re1 Ng8 32. Rd1 Nf6 33. Rd3 Rc4 34. Kg3 Ra4 35. Bxf6 Kxf6 36. Rxd5 Rxa2 {KR-KR} 37. Rd7 h6 38. h4 Ra3 39. c4 Ra4 40. Rc7 a5 41. Rc6+ Kg7 42. h5 gxh5 43. gxh5 Rb4 44. c5 bxc5 45. Rxc5 Ra4 46. Rc6 Ra1 47. f4 a4 {[%cal Ba5a4,Ba4a3,Ba3a2][%mdl 32]} 48. Ra6 a3 49. Kg4 a2 {[#] ( -> ...Rg1+)} 50. Kf5 Kf7 51. Ra3 $1 Kg8 52. Ra7 Kh8 53. Kf6 Rf1 ({Don't play} 53... Kg8 54. f5 $16) 54. Rxa2 {[#] Strongly threatening Kg6.} Rxf4+ 55. Kg6 Rf8 {Prevents Ra8.} 56. Rg2 Rg8+ 57. Kxh6 Rxg2 {A balanced but interesting game.  Weighted Error Value: White=0.01 (flawless) /Black=0.00 (flawless)} 1/2-1/2

[Event "84th Tata Steel Challengers 2022"]
[Site "Wijk aan Zee"]
[Date "2022.01.18"]
[Round "4.7"]
[White "Maurizzi, Marc`Andria"]
[Black "Zhu, Jiner"]
[Result "0-1"]
[WhiteElo "2496"]
[BlackElo "2478"]
[Annotator "TA"]
[PlyCount "110"]
[EventDate "2022.01.15"]
[EventType "tourn"]
[EventCountry "NED"]
[SourceTitle "playchess.com"]
[Source "ChessBase"]
[SourceQuality "1"]

{[%evp 12,110,34,16,17,0,0,14,5,18,20,19,14,26,20,23,25,0,7,3,19,9,47,12,17,16,15,0,0,0,0,-14,0,-29,-33,-20,-26,-44,-22,-16,-5,-8,-5,-252,-212,-211,-211,-450,-372,-508,-487,-437,-430,-430,-238,-583,-430,-588,-537,-822,-801,-1095,-1038,-585,-1080,-951,-894,-669,-587,-29955,-29952,-29970,-12850,-6303,-5202,-29963,-6333,-7356,-29937,-5731,-5731,-29966,-29967,-29967,-29968,-29968,-29969,-29968,-29969,-29969,-29970,-29970,-29970,-29984,-29985,-29986,-29987,-29987,-29988,-29988,-29989]} 1. d4 Nf6 2. c4 e6 3. Nc3 d5 4. cxd5 Nxd5 5. e4 Nxc3 6. bxc3 c5 7. Rb1 Be7 {7...Be7 scores better than 7...cxd4. D35: Queen's Gambit Declined: Exchange Variation.} 8. Nf3 O-O 9. Bc4 a6 {The position is equal.} 10. a4 {Prevents b5.} Qc7 11. Bd3 cxd4 12. cxd4 Nc6 {[%cal Oc6d4]} 13. O-O Nb4 14. Ba3 Nxd3 15. Qxd3 Bxa3 16. Qxa3 Bd7 17. Ne5 {[#] And now Qe7 would win.} (17. Rfc1 $5 {[%cal Rc1c7]} Qf4 18. Ne5 $14 (18. Rxb7 Bxa4 19. Re1 Bb5 $14)) 17... Rfc8 18. Rfc1 Qd8 {[#]} 19. Rxb7 $146 ({Predecessor:} 19. Nxd7 Qxd7 20. Qb2 Qxa4 21. Rxc8+ Rxc8 22. Qxb7 Qc4 23. h3 h6 24. d5 exd5 25. exd5 {½-½ (33) Akobian,V (2625)-Dominguez Perez,L (2739) Saint Louis 2019}) 19... Bxa4 20. Nxf7 Qxd4 21. h3 Qxe4 22. Nd6 Rxc1+ $40 {[%mdl 128] Black has some attack.} 23. Qxc1 Qd4 24. Qa3 Rf8 25. Qg3 $1 Bc6 {Chess con chili.} 26. Re7 Bd5 27. Kh2 $2 {This costs White the game.} (27. Ne8 $1 $11 {and White has nothing to worry.}) 27... Rxf2 $19 28. Re8+ Rf8 29. Re7 $2 (29. Rxf8+ Kxf8 30. Nc8) 29... h6 {White must now prevent ...Rf1.} 30. Ne8 {[%cal Re7g7]} Rf7 31. Rxf7 Kxf7 32. Nc7 a5 (32... Bc4 $142 33. Kh1 a5) 33. Nb5 $2 (33. Nxd5 Qxd5 34. Qf4+ Kg6 35. Qa4) 33... Qd2 {Strongly threatening ...a4.} 34. h4 Kg8 35. Nc7 a4 {[%cal Od5g2] ...Bxg2! is the strong threat.} 36. Nxd5 Qxd5 {[%mdl 4096] Endgame KQ-KQ} 37. Qb8+ Kh7 38. Qb1+ Qf5 39. Qb4 Qc2 {Threatens to win with ...e5.} 40. h5 e5 41. Qa3 Qc4 (41... Qb3 $142 42. Qd6 a3 43. Qg6+ Kh8 44. Qe8+ Qg8 45. Qa4 a2 46. Kg1 e4 47. Kf2 Qe6 48. Kf1 e3 49. Ke1 e2 50. Qa8+ Qg8 51. Qa4 Qb8 52. g3 Qxg3+ 53. Kxe2 Qe5+ 54. Kd2 a1=Q 55. Qxa1 Qxa1 56. Kc2 Qe5 57. Kd2 Qxh5 58. Kd3 Qg4 59. Kc3 h5 60. Kd3 h4 61. Kc3 h3 62. Kc2 h2 63. Kd3 h1=Q 64. Ke3 Qge4+ 65. Kf2 Qhg2#) 42. Qh3 Qf4+ 43. Kh1 e4 (43... Qf8 $142 44. Kg1 a3 45. Qb3 e4 46. g4 Qa8 47. Qa2 e3 48. g5 e2 49. Qb1+ Kg8 50. gxh6 Qa7+ 51. Kg2 a2 52. Qa1 e1=Q 53. Qxe1 Qa8+ 54. Kf2 a1=Q 55. Qxa1 Qxa1 56. Ke3 Qc3+ 57. Kf4 gxh6 58. Ke4 Kg7 59. Kf4 Kf6 60. Ke4 Qd2 61. Kf3 Kf5 62. Kg3 Qe2 63. Kh3 Kf4 64. Kh4 Qh2#) 44. Qe6 a3 45. Qg6+ Kg8 {( -> ...a2)} 46. Qe8+ Qf8 {Black mates.} 47. Qxe4 a2 48. Qd5+ Qf7 49. Qa8+ Kh7 50. Qe4+ {[#]} Kh8 $1 51. Qa8+ Qg8 52. Qa5 Qc4 53. Kh2 Qh4+ 54. Kg1 Qd4+ 55. Kh2 a1=Q {Weighted Error Value: White=0.63/Black=0.12 (very precise)} 0-1

[Event "84th Tata Steel Challengers 2022"]
[Site "Wijk aan Zee"]
[Date "2022.01.20"]
[Round "5.1"]
[White "Erigaisi Arjun"]
[Black "Murzin, Volodar"]
[Result "1-0"]
[WhiteElo "2629"]
[BlackElo "2519"]
[Annotator "TA"]
[PlyCount "141"]
[EventDate "2022.01.15"]
[EventType "tourn"]
[EventCountry "NED"]
[SourceTitle "playchess.com"]
[Source "ChessBase"]
[SourceQuality "1"]

{[%evp 9,141,19,20,16,30,25,29,23,39,40,122,99,127,74,131,120,132,134,130,128,143,93,111,98,102,104,90,77,76,80,74,65,75,57,91,63,42,0,0,0,15,0,0,0,0,0,0,0,0,-12,-13,-74,-29,-16,-34,-19,-24,-38,-29,-35,0,0,0,0,95,89,285,278,254,227,641,466,626,587,502,369,334,0,190,0,278,213,318,318,311,311,311,311,280,308,311,302,243,128,120,117,123,111,149,77,77,77,77,77,77,77,8135,8709,1577,1320,1219,983,8589,11410,5339,5000,29972,1502,29968,29968,29971,29972,29974,29975,29975,29976,29976,29977,29976,29978,29978,29979,29982,29983]} 1. d4 d5 2. c4 c6 3. cxd5 cxd5 4. Nc3 e6 5. Bf4 Bd6 6. Bg3 {D10: Slav Defence: 3 cxd5 (without early Nf3) and 3 Nc3.} Nc6 7. e3 Nf6 8. Bd3 {White has an edge.} Bxg3 9. hxg3 {[%cal Bh2g3,Bg3g4,Bg4g5][%mdl 32] [#]} Qd6 $146 (9... e5 $14) ({Predecessor:} 9... Bd7 10. Nf3 Rc8 11. a3 Na5 12. Ne5 Nc4 13. Bxc4 dxc4 14. e4 Bc6 15. Nxc6 Rxc6 {½-½ (27) Stillger,B (2199)-Eckert,M (2090) Dortmund 2019}) 10. g4 $1 $16 Ng8 11. f4 (11. Rxh7 Rxh7 12. Bxh7 Qh2 $1 13. Bxg8 Qxg1+ 14. Ke2 Qxg2 $17) (11. g5 $142) 11... Nge7 (11... Bd7 $142) 12. Nf3 (12. Rxh7 Rxh7 13. Bxh7 g6 $16) 12... Bd7 13. Rc1 (13. Rxh7 Rxh7 14. Bxh7 g6 $14) 13... f6 14. g5 (14. Rxh7 $6 Rxh7 15. Bxh7 e5 $11) 14... O-O-O 15. Nb5 ({Resist} 15. Rxh7 $6 Kb8 $11) (15. a3 $142 $1) 15... Qb4+ 16. Kf2 Kb8 17. a3 $1 Qa5 18. b4 Qb6 {[%cal Oc6b4]} 19. Nc3 {[%cal Bb5c3,Bc3a4,Ba4c5][%mdl 32] Black must now prevent Na4.} Rdf8 20. Na4 Qd8 21. Nc5 Bc8 22. b5 {White is much more active. Black has bad knights.} Na5 23. Kg1 (23. Rxh7 $14 {should be considered.} Rxh7 24. Bxh7) 23... Nf5 $11 24. Qe1 h5 25. gxf6 gxf6 26. Nh4 Nxh4 27. Rxh4 Rfg8 28. Rc2 Nc4 29. Bxc4 dxc4 30. Qf2 (30. Ne4 $11) 30... b6 (30... Rh7 $17) 31. Na6+ Bxa6 32. bxa6 Qd5 33. a4 f5 34. Qe2 {[%csl LRc4,LRh5]} Qe4 35. Rh3 ({Don't blunder} 35. Qxc4 $2 Rc8 36. Qxc8+ Rxc8 $19) 35... h4 36. Rxc4 ({Not} 36. Qxc4 $2 Rc8 37. Rxh4 Rhg8 38. Qxc8+ Rxc8 39. Rxc8+ Kxc8 $19) 36... Rg4 (36... Rh7 $1 $11 {keeps the balance.}) 37. Qf3 $16 Qd5 (37... Qxf3 $16 38. Rxf3 Rc8 39. Rxc8+ Kxc8) 38. Qxd5 $1 $18 exd5 {[%mdl 4096] Endgame KRR-KRR} 39. Rc2 Rc8 $2 (39... Rhg8 40. Rh1 R8g7) 40. Rxc8+ Kxc8 {KR-KR} 41. Kf2 Kd7 42. Rh1 Kd6 43. Rh3 $2 ({White should try} 43. g3 $18) 43... Ke6 $2 (43... Kd7 $1 $11 {and Black stays safe.}) 44. Rh1 (44. g3 $142) 44... Kd6 45. a5 {Hoping for axb6.} bxa5 (45... Kc6 $142 46. Rc1+ Kb5) 46. Ra1 Rg8 47. Rxa5 Rb8 48. Ra1 {Inhibits Rb1.} Rb6 49. Kf3 Ke7 50. Rh1 $1 Rh6 51. g4 ({Better is} 51. g3 $1 $18) 51... fxg4+ $16 52. Kxg4 Rg6+ 53. Kf5 Rxa6 54. Rxh4 (54. Ke5 $142 $1) 54... Re6 55. Rh7+ Kd6 56. Rh3 $1 {Strongly threatening Kg5.} a5 {[#]} 57. Kg5 $1 {aiming for f5.} a4 $2 {[%mdl 8192]} (57... Re8 $16) 58. f5 $18 Re4 59. Rh6+ Ke7 {[#]} 60. Rh7+ $1 Kd6 61. Ra7 {White wants to mate with f6.} Rxe3 62. Rxa4 {Kg6 would kill now.} Re4 63. Kf6 (63. f6 $142 Re2 64. Ra7 Rf2 65. f7 Ke6 66. Kg6 Rg2+ 67. Kh7 Rf2 68. Kg8 Rg2+ 69. Kf8) 63... Kd7 64. Kf7 {White mates.} Kd6 65. f6 {[%cal Bf5f6,Bf6f7][%mdl 32]} Kd7 66. Kf8 Rf4 67. f7 Rg4 68. Ra7+ Kd8 69. Ra6 Kd7 70. Rh6 Rg5 71. Rh7 {Weighted Error Value: White=0.22 (precise) /Black=0.29 (precise)} 1-0

[Event "84th Tata Steel Challengers 2022"]
[Site "Wijk aan Zee"]
[Date "2022.01.20"]
[Round "5.2"]
[White "L'Ami, Erwin"]
[Black "Nguyen, Thai Dai Van"]
[Result "1/2-1/2"]
[WhiteElo "2622"]
[BlackElo "2609"]
[Annotator "TA"]
[PlyCount "67"]
[EventDate "2022.01.15"]
[EventType "tourn"]
[EventCountry "NED"]
[SourceTitle "playchess.com"]
[Source "ChessBase"]
[SourceQuality "1"]

{[%evp 16,67,15,9,25,19,17,12,18,4,14,14,18,12,11,0,20,6,11,0,17,12,22,13,21,21,27,43,45,40,34,39,93,62,52,50,51,48,61,61,89,82,84,60,58,36,93,52,84,10,49,10,42,6]} 1. e4 e5 2. Nf3 Nc6 3. Bb5 {[%cal Bf1b5,Bb5a4,Ba4b3][%mdl 32]} a6 4. Ba4 Nf6 5. O-O Be7 6. d3 b5 7. Bb3 O-O 8. Nc3 d6 9. a3 Na5 {C77: Ruy Lopez: 3...a6 4 Ba4 Nf6, unusual lines.} 10. Ba2 Be6 11. b4 Bxa2 {The position is equal.} 12. Nxa2 Nc6 13. c4 Nd4 14. Nc3 c6 {[#]} 15. Rb1 $146 ({Predecessor:} 15. Be3 Nxf3+ 16. Qxf3 Qc8 17. h3 Qe6 18. Rfc1 {½-½ (18) Nepomniachtchi,I (2767)-So,W (2760) Jerusalem 2019}) 15... Ne6 16. h3 Qd7 17. Be3 Rfc8 18. Qb3 Bd8 19. Rfd1 Qb7 20. d4 exd4 21. Nxd4 Nxd4 22. Bxd4 Nd7 23. Ne2 {[%cal Bc3e2,Be2g3,Bg3f5][%mdl 32] aiming for Ng3.} Bf6 ({Black should play} 23... c5 $14 24. bxc5 Nxc5 25. Bxc5 (25. Qg3 Ne6 $14) 25... Rxc5) 24. Bxf6 Nxf6 25. Ng3 bxc4 26. Qxc4 d5 27. Qd4 dxe4 28. Nf5 {Threatens to win with Nd6.} Qc7 29. Qe3 {[#] Qg5 is the strong threat. White is more active.} Nd5 30. Qxe4 Re8 ({Better is} 30... g6 $14) 31. Qc2 (31. Qc4 $16 {Black must now prevent Rxd5.} Qe5 32. Nd4 (32. Qxc6 Qxf5 33. g4 Qf3 $15)) 31... Qe5 {[%cal Oc6c5]} 32. Re1 ({And not} 32. Qxc6 Qxf5 33. g4 (33. Qxd5 $2 Re1+ 34. Rxe1 Qxd5 $19) 33... Qf3 34. Rxd5 Qxh3 $17) ({White should try} 32. Rb3 $16) 32... Qf6 33. Rbc1 {And now Rxe8+ would win.} h5 34. Ne3 {Weighted Error Value: White=0.14 (very precise) /Black=0.15 (very precise)} 1/2-1/2

[Event "84th Tata Steel Challengers 2022"]
[Site "Wijk aan Zee"]
[Date "2022.01.20"]
[Round "5.3"]
[White "Bjerre, Jonas Buhl"]
[Black "Warmerdam, Max"]
[Result "1/2-1/2"]
[WhiteElo "2586"]
[BlackElo "2599"]
[Annotator "TA"]
[PlyCount "117"]
[EventDate "2022.01.15"]
[EventType "tourn"]
[EventCountry "NED"]
[SourceTitle "playchess.com"]
[Source "ChessBase"]
[SourceQuality "1"]

{[%evp 10,117,27,29,16,10,6,0,7,-10,0,0,15,12,11,0,10,7,0,0,15,17,18,27,21,6,4,7,12,0,0,0,0,0,2,-10,0,0,0,0,0,0,0,0,0,0,0,0,0,-25,-14,-18,-10,-15,-15,-81,-14,-25,-16,-28,-33,-71,0,0,0,0,0,0,54,49,117,0,35,37,87,87,87,106,139,81,139,22,22,0,0,0,0,0,0,0,0,0,0,0,0,0,0,0,0,0,0,0,0,0,0,0,0,0,0,0]} 1. Nf3 Nf6 2. c4 e6 3. g3 d5 4. Bg2 d4 5. O-O Nc6 6. d3 Bc5 {is the new trend. A13: English Opening: 1...e6.} 7. Na3 O-O 8. Nc2 e5 9. a3 a5 $1 {Inhibits b4.} 10. b3 h6 {[#]} 11. Rb1 $146 ({Predecessor:} 11. Bd2 Re8 12. b4 Bf8 13. b5 Nb8 14. e3 dxe3 15. Bxe3 Ng4 16. Bc1 Nd7 17. h3 {1-0 (70) Kotanjian,T (2473)-Vardanian,H (2359) Yerevan 2016}) 11... Qe7 12. Qe1 e4 13. dxe4 Nxe4 {Threatens to win with ...Nc3.} 14. Bb2 {[%cal Rf3d4] To avoid Nc3} Nc3 15. Bxc3 dxc3 16. Qxc3 {b4 is the strong threat.} Bf5 (16... Qxe2 $2 17. Rbe1 Nd4 18. Ncxd4 $18) 17. Nh4 Bh7 {This bishop pair is nice.} 18. e4 Bxa3 (18... Bxe4 19. Rbe1 f5 20. Nxf5 $1 Rxf5 21. Bxe4 $16) 19. Nxa3 Qxa3 20. Nf5 Bxf5 21. exf5 Qc5 22. g4 {[%cal Bg3g4,Bg4g5][%mdl 32]} Ne5 23. Qg3 c6 24. Rfe1 f6 25. h4 Rad8 26. g5 {Black must now prevent gxf6.} Kh8 27. Rbd1 Rxd1 28. Rxd1 Qe7 {[%cal Rh6g5]} 29. gxh6 gxh6 30. Qe3 Qg7 31. Kh1 Rg8 {[%csl Gg8][%cal Rg7g2]} 32. Bh3 {Active counter play!} (32. Bf3 $11) 32... Kh7 (32... b5 $17 33. f4 Ng4) 33. f4 $11 Ng4 34. Qe2 {aiming for h5.} h5 {[%cal Ob7b5]} 35. Rg1 Kh6 (35... b5 $1 $17) 36. Bxg4 hxg4 {[%mdl 4096] Endgame KQR-KQR} 37. Rd1 b5 38. Qe6 g3 (38... Qf8 $11) 39. Kg2 $1 $14 Rf8 (39... Qf8 $14) 40. Rd7 (40. Rd3 $16 Qf7 41. Qxc6 (41. Rxg3 Qe8 $16)) 40... Qg8 (40... Qg4 $5 {[%cal Rg4h4]} 41. Qe7 Rf7 42. Qxf7 Qe2+ 43. Kxg3 Qe3+ 44. Kg4 Qe2+ 45. Kg3 Qe3+ 46. Kg2 Qe2+ 47. Kh1 (47. Kg3 Qe3+ $11) 47... Qf1+ 48. Kh2 Qf2+ 49. Kh3 Qf3+ 50. Kh2 Qf2+ 51. Kh1 Qf1+ 52. Kh2 Qf2+ $11) 41. Rd3 Qxe6 (41... a4 $14) 42. fxe6 $16 bxc4 43. bxc4 $14 {KR-KR} ({But not} 43. Rxg3 cxb3 44. Rxb3 Kg6 $11) 43... Kg6 {[#]} 44. Kxg3 ({Much weaker is} 44. Rxg3+ $6 Kf5 $11) ({White should try} 44. Rd6 $1) 44... a4 {[#]} ({Better is} 44... f5) 45. Kf3 (45. Rd6 $1 $16) 45... f5 $1 $11 {The position is equal.} 46. Rd6 {e7+ would kill now.} Kf6 47. Rxc6 {And now h5 would win.} Ra8 48. Rb6 a3 {( -> ...a2)} 49. Rb1 a2 50. Ra1 Ra3+ 51. Kg2 Kxe6 52. h5 $1 Kf6 53. c5 $1 Kg7 54. c6 Kh6 55. c7 Rc3 56. Rxa2 Rxc7 57. Ra5 Kxh5 58. Rxf5+ Kg4 59. Rg5+ {Weighted Error Value: White=0.12 (very precise) /Black=0.11 (very precise)} 1/2-1/2